Исследование ультрадисперсных порошков неорганических материалов методом ТДС; Физико-технические проблемы атомной энергетики и промышленности

Podrobná bibliografie
Parent link:Физико-технические проблемы атомной энергетики и промышленности.— 2007.— С. 131
Hlavní autor: Савостиков Д. В.
Další autoři: Власов В. А. Виктор Алексеевич
Jazyk:ruština
Vydáno: 2007
Témata:
Médium: MixedMaterials Kapitola
KOHA link:https://koha.lib.tpu.ru/cgi-bin/koha/opac-detail.pl?biblionumber=131117

MARC

LEADER 00000naa2a2200000 4500
001 131117
005 20231031134151.0
035 |a (RuTPU)RU\TPU\book\142012 
090 |a 131117 
100 |a 20080213d2007 k y0rusy50 ca 
101 0 |a rus 
102 |a RU 
200 1 |a Исследование ультрадисперсных порошков неорганических материалов методом ТДС  |f Д. В. Савостиков, В. А. Власов 
320 |a Библиогр.: 4 назв. 
463 0 |0 (RuTPU)RU\TPU\book\93764  |y 5-98298-125-7  |t Физико-технические проблемы атомной энергетики и промышленности  |o сборник тезисов докладов IV Международной научно-практической конференции; г. Томск, 7-8 июня 2007 г.  |f Томский политехнический университет (ТПУ); Сибирский химический комбинат  |v С. 131  |d 2007  |p 174 с. 
610 1 |a ультрадисперсные порошки 
610 1 |a неорганические материалы 
610 1 |a термодесорбционная спектроскопия 
610 1 |a адсорбционные частицы 
610 1 |a концентрация 
610 1 |a труды учёных ТПУ 
700 1 |a Савостиков  |b Д. В.  |4 070 
701 1 |a Власов  |b В. А.  |c российский ученый в области физики и химии плазмы, молекулярной физики  |c профессор Томского политехнического университета  |f 1958-  |g Виктор Алексеевич  |2 stltpush  |3 (RuTPU)RU\TPU\pers\26576  |4 070 
801 1 |a RU  |b 63413507  |c 20080213  |g PSBO 
801 2 |a RU  |b 63413507  |c 20100915  |g RCR 
942 |c BK